000 00664 a2200217 4500
005 20260421104320.0
008 260421b |||||||| |||| 00| 0 eng d
020 _a978-93-5516-285-4(hbk)
037 _cTB
040 _aAL
_cAL
041 _2eng
_aeng
084 _aV2:594 R5
_qAL
100 _aQasim Khan
_91113985
245 _aIndia's military strategy: countering Pakistan's challenge
260 _aNew Delhi, India:
_bSumit Enterprises,
_c2025.
300 _a233p.
365 _b1495/-
_cINR
650 _aIndia-History
942 _cTB
_2CC
_hV2:594 R5
999 _c1678715
_d1678715